|
|
|
|
| LEADER |
01761nam a22003257a 4500 |
| 001 |
42647 |
| 003 |
BD-DhAAL |
| 005 |
20250428122233.0 |
| 008 |
240529m19771978|||a|||| |||| 00| 0 ben d |
| 040 |
|
|
|a BD-DhAAL
|d BD-DhAAL
|
| 082 |
|
|
|a 079.5492
|2 23
|
| 110 |
|
|
|a Bangladesh Rural Advancement Committee.
|
| 245 |
|
|
|a গণকেন্দ্র :
|b সচিত্র মাসিক পত্রিকা
|g বৈশাখ -চৈত্র ১৩৮৩ /
|c সম্পাদক, ইমাউল হক; ব্যবস্থাপনা সম্পাদক, আয়েশা হাসান আবেদ.
|
| 246 |
|
|
|a মাসিক গণকেন্দ্র.
|
| 260 |
|
|
|a ঢাকা :
|b ব্র্যাক পাবলিকেশন,
|c ১৯৮৩ [১৩৮৩].
|
| 300 |
|
|
|a v. :
|b সচিত্র ;
|c ৩২ সে.মি.
|
| 362 |
|
|
|a Vol. 4, no.1 (Apr. 1976)-v. 4, no. 12 (Mar.1977)
|
| 362 |
|
|
|a বর্ষ ৪র্থ, সংখ্যা ১ (বৈশাখ ১৩৮৩)-বর্ষ ৪র্থ, সংখ্যা ১২ (চৈত্র ১৩৮৩)
|
| 500 |
|
|
|a This book contains volume 4, no. 1-12.
|
| 541 |
|
|
|a BRAC
|e 42647
|
| 650 |
|
|
|a Newspapers
|z Bangladesh.
|9 53582
|
| 650 |
|
|
|a Journalism
|z Bangladesh.
|
| 650 |
|
|
|a Bengali newspapers
|z Bangladesh.
|9 58004
|
| 700 |
|
|
|a হক, ইমাউল.
|9 56446
|
| 700 |
|
|
|a আবেদ, আয়েশা হাসান.
|9 56447
|
| 710 |
|
|
|a ব্র্যাক পাবলিকেশন.
|9 56448
|
| 852 |
|
|
|a Ayesha Abed Library
|c BRAC Resource Section
|
| 942 |
|
|
|2 ddc
|c BK
|
| 999 |
|
|
|c 46685
|d 46685
|
| 952 |
|
|
|0 0
|1 0
|2 ddc
|4 0
|6 079_549200000000000_GAN
|7 1
|9 75575
|a BRACUL
|b BRACUL
|c BRS
|d 2024-05-29
|e BRAC
|l 0
|o 079.5492 GAN
|p 3010042647
|r 2024-05-29
|t 1
|w 2024-05-29
|y BK
|x BRAC
|